000 00330nam a2200145Ia 4500
008 240112s2019 xx 000 0 und d
022 _a0090-0036
041 _aeng
082 _a614
100 _aPARMELA M.
245 _aAMERCIAN JOU. OF PUBLIC HEALTH
260 _bAPHA
_c2019
300 _a640
_cJAN-APR
440 _v109
999 _c1146122
_d1146122